000 00470nam a22001697a 4500
003 OSt
008 260505b |||||||| |||| 00| 0 eng d
082 _a633.61
_bP74S
100 _aPrasad, Devendra
245 _aA Study on Effect of Spacing under Varying Levels of Nitrogen and Irrigation on Two Varieties of Sugarcane
260 _aPusa, Samastipur
_bRAU
_c1978
300 _a82P.
502 _bMsc.
_d1978
650 _aAgronomy
650 _aMsc.
942 _2ddc
_cT
999 _c50440
_d50440